El futuro de la Cuenca del Caribe según la administración Reagan
Bewaard in:
| Formaat: | Texto |
|---|---|
| Gepubliceerd in: |
s.l.:
Centro de Estudios Económicos y Sociales del Tercer Mundo
|
| Tags: |
Voeg label toe
Geen labels, Wees de eerste die dit record labelt!
|
MARC
| LEADER | 00000 a a2200000 04500 | ||
|---|---|---|---|
| 001 | 24874 | ||
| 003 | |||
| 040 | |||
| 090 | |a 178800 | ||
| 245 | |a El futuro de la Cuenca del Caribe según la administración Reagan | ||
| 260 | |a s.l.: |b Centro de Estudios Económicos y Sociales del Tercer Mundo | ||
| 300 | |a pp. 10-56 | ||
| 999 | |c 15181 |d 15181 | ||
